Blackstone's statutes on contract & tort

Bibliographic Details
Main Author: Rose, Francis (Author)
Format: Book
Published: London : Blackstone Press , 1991
Edition:3rd ed
Subjects:

MARC

LEADER 00000cam a2200000 7i4500
001 0000019331
005 20190428093000.0
008 021119s1991 enk eng
020 |a 1854311816 
050 0 0 |a d20 KD1554.A3   |b B4 1991 
090 0 0 |a d20 KD1554.A3   |b B4 1991 
245 0 0 |a Blackstone's statutes on contract & tort   |c edited by F. D. Rose 
250 |a 3rd ed 
260 |a London :   |b Blackstone Press ,   |c 1991 
300 |a x, 232 p. ;   |c 22 cm. 
504 |a Includes index 
650 0 |a Contracts   |z Great Britain 
650 0 |a Torts   |z Great Britain 
700 1 |a Rose, Francis ,   |e author 
999 |a 1000037288   |b Book   |c Reference   |e Gong Badak Campus